00610 2200205 4500001002100000005001700021008004100038035002400079082001200103090001700115245009000132250001100222260006100233300003100294650002800325850001500353980001500368985000600383999001500389YOGYA-0209000004141020090227025752.0 ind  0010-020900000041410 a658.022 a658.022bPer aPERGUMULAN pengusaha kecil kasus industri kecil keramik, Pleret & pandai besi Ciwidey aCet. 1 aBandungbPerkempulan untuk Peningkatan Usaha Kecilc1987 aviii, 163 hlmbilusc20 cm aUsaha kecil - Manajemen aYOPDYOG(B) a23-01-2008 a1 a07A0027510